| 000 | 00928cam a2200277 a 4500 | ||
|---|---|---|---|
| 005 | 20260322212030.0 | ||
| 008 | data | ||
| 010 | _a 92050932 | ||
| 020 | _a1563052458 | ||
| 020 |
_a1563053381 (pbk.) : _c{dollar}5.95 |
||
| 020 | _a9781563052453 | ||
| 020 |
_a9781563053382 (pbk.) : _c{dollar}5.95 |
||
| 040 |
_aDLC _cDLC _dDLC |
||
| 050 | 0 | 0 |
_aRA785 _b.R8 1993 |
| 082 | 0 | 0 |
_a155.9/042 _220 |
| 092 | _a155.9 R8 1993 | ||
| 100 | 1 | _aRubin, Manning. | |
| 245 | 1 | 0 |
_a60 ways to relieve stress in 60 seconds / _cManning Rubin. |
| 260 |
_aNew York : _bWorkman Pub., _cc1993. |
||
| 300 |
_a1 v. (unpaged) : _bill. ; _c18 cm. |
||
| 650 | 0 | _aStress management. | |
| 740 | 0 | _aSixty ways to relieve stress in 60 seconds. | |
| 856 | 4 | 2 |
_3Publisher description _uhttp://www.loc.gov/catdir/enhancements/fy0714/92050932-d.html |
| 856 | 4 | 1 |
_3Table of contents only _uhttp://www.loc.gov/catdir/enhancements/fy0714/92050932-t.html |
| 001 | data | ||
| 999 |
_c680 _d680 |
||